Samsung Galaxy Tab 10.1 for dummies
"Learn to: Navigate the Galaxy Tab and download apps, movies, and music at blazing 4G LTE speeds; Video chat and read eBooks on the bigger, better screen; E-mail, browse the web, and map directions for a trip"--Cover.
Saved in:
| Main Author: | |
|---|---|
| Other Authors: | , |
| Format: | Book |
| Language: | English |
| Published: |
Hoboken, NJ.
Wiley
2012.
|
| Series: | For Dummies
|
| Subjects: | |
| Tags: |
Add Tag
No Tags, Be the first to tag this record!
|
| Institutions: | Mạng thư viện Đại học Đà Nẵng |
|---|
| LEADER | 01420nam a2200385 4500 | ||
|---|---|---|---|
| 001 | 000024504 | ||
| 003 | 20992 | ||
| 005 | 20161213081204.0 | ||
| 008 | 161213s2012 engsd | ||
| 020 | |a 9781118228333 (pbk.) |a 1118228332 (pbk.) | ||
| 041 | 0 | |a eng | |
| 082 | 1 | 4 | |a 004.165 |b GO-D |
| 100 | 1 | |a Gookin, Dan. |q (Laura Ann) | |
| 245 | 1 | 0 | |a Samsung Galaxy Tab 10.1 for dummies |c by Dan Gookin. |
| 260 | |a Hoboken, NJ. |b Wiley |c 2012. | ||
| 300 | |a xvi, 320 p. |b col. ill. |c 24 cm. | ||
| 490 | 1 | |a For Dummies | |
| 500 | |a Includes index. | ||
| 520 | 3 | |a "Learn to: Navigate the Galaxy Tab and download apps, movies, and music at blazing 4G LTE speeds; Video chat and read eBooks on the bigger, better screen; E-mail, browse the web, and map directions for a trip"--Cover. | |
| 650 | 0 | |a Samsung Galaxy Tab (Computer) | |
| 650 | 0 | |a Tablet computers. | |
| 650 | 0 | |a Portable computers. | |
| 653 | |a Computer | ||
| 700 | 1 | |d 1906-1998. | |
| 700 | 1 | |d 1970- | |
| OWN | |a LSP | ||
| AVA | |a UDN50 |b LSP |d 004.165 GO-D |e available |t Error 5001 Not defined in file expand_doc_bib_avail. |f 1 |g 0 |h N |i 0 |k 1 | ||
| 999 | |a From the UDN01 | ||
| AVA | |a UDN50 |b LSP |d 004.165 GO-D |e available |t Error 5001 Not defined in file expand_doc_bib_avail. |f 1 |g 0 |h N |i 0 |k 1 | ||
| TYP | |a Monograph | ||
| TYP | |a Printed language | ||
| 980 | |a Mạng thư viện Đại học Đà Nẵng | ||


